| 000 | 00331nam a22001337a 4500 | ||
|---|---|---|---|
| 020 | _a5034-5000-03-1108 | ||
| 082 |
_a894.812 _bTHA/F |
||
| 100 | _aJOBY THAAYANKERI | ||
| 245 | _aFIRE FIGHTING & SAFETY MANAGEMENT | ||
| 260 |
_aTHRISSUR _bH & C BOOKS _c2008 |
||
| 300 | _a80 | ||
| 650 |
_aBOOK ON SAFETY MANAGEMENT _zKERALA |
||
| 942 | _cBK | ||
| 999 |
_c978 _d978 |
||